LEADER 01441nam a2200301 u 4500 001 000000001539 003 CaOOAMICUS 005 20070226104326.0 008 940928s1875 au u000 u lat u 035 $a10036954 040 $aAAR$bita$dPUL(R) 100 0 $aArnobius,$dm. c. 327.$0(OLS)http://pul/name/1715 240 10$aAdversus nationes$9(Arnobius, m. c. 327).$0(OLS)http://pul/title/2324 245 10$aArnobii Adversus nationes libri VII /$crecensuit et commentario critico instruxit Augustus Reifferscheid. 260 $aVindobonae :$bapud C. Geroldi filium,$c1875. 300 $axviii, 352 p. ;$c23 cm 490 1 $aCorpus scriptorum ecclesiasticorum Latinorum ;$v4 650 0$aApologetics$xHistory$yEarly church, ca. 30-600.$2//eng$0(OLS)http://pul/subject/1080 700 1 $aReifferscheid, August,$d1835-1887.$0(OLS)http://pul/name/1716 740 0 $aAdversus nationes libri VII. 830 0$aCorpus scriptorum ecclesiasticorum Latinorum ;$v4.$0(OLS)http://pul/title/1658 850 $aPUL 852 $aPUL$W1$xSL Cons. Gen., Altre Classi 1$y1$m2004$j1449$nBK-PRI$b $qStampati$B2017$CPULBib$Z2$F2017 $81 900 $aArnobio di Sicca,$dm. c. 327$91715 941 1 $a15 996 $6245$aArnobii Adversus nationes libri VII$9(OLS)http://pul/title/2326 996 $6740$aAdversus nationes libri VII$9(OLS)http://pul/title/2327 996 $6260$aVindobonae :$bapud C. Geroldi filium$9(OLS)http://pul/publisher/48633 LEADER 01307nam a2200313 u 4500 001 000000082343 003 CaOOAMICUS 005 20070226123843.0 008 050412s2004 gw u000 u ger u 035 $a11038610 040 $aPUL$bita 100 1 $aRahner, Karl,$cS.I.,$d1904-1984.$0(OLS)http://pul/name/3587 245 10$aGebete des Lebens /$cKarl Rahner ; hrg. von Albert Raffelt ; mit einer Einführung von Karl Kardinal Lehmann. 260 $aFreiburg :$bHerder,$cc2004. 300 $a188 p. ;$c21 cm 490 1 $aBeten mit Karl Rahner ; ;$vBd. 2 504 $aInclude riferimenti bibliografici. 650 4$aTrinità.$0(OLS)http://pul/subject/2463 700 1 $aLehmann, Karl,$d1936-$0(OLS)http://pul/name/31067 700 1 $aRaffelt, Albert.$0(OLS)http://pul/name/40537 830 0$aBeten mit Karl Rahner ;,$x3451283859 ;$vBd. 2.$0(OLS)http://pul/title/107615 850 $aPUL 852 $aPUL$W1$xSL Religione 3$y85$m242. 802 RAHKA 1$j120282$nBK-PRI$qDDC 21$B104939$CPULBib$Z2$F104939 $H97828 $82 941 1 $a9 960 $aTeologia trinitaria$92463 960 $aTeologia trinitaria$92463 961 $aZia Filippa 996 $6245$aGebete des Lebens$9(OLS)http://pul/title/107620 996 $6260$aFreiburg :$bHerder$9(OLS)http://pul/publisher/48354